000
00361nam a22001097a 4500
082
_a
741.642
100
_a
प्रभाकिरण जैन
_9
80536
245
_a
चैतन्य महाप्रभु
260
_a
दिल्ली
_b
भारतीय ज्ञानपीठ
_c
2017
650
_a
बालकक्ष
_9
70490
942
_c
BK
999
_c
63874
_d
63874